Поисковая адаптация: теория и практика

Bibliografske podrobnosti
Glavni avtor: Курейчик В. М. Виктор Михайлович
Drugi avtorji: Лебедев Б. К. Борис Константинович, Лебедев О. Б. Олег Борисович
Izvleček:Рассматриваются задачи, методы и алгоритмы адаптации, используемые для построения поисковых алгоритмов оптимизации. Описывается типовая структура адаптивного алгоритма, излагаются методы коллективной адаптации в условиях динамически изменяющейся внешней среды. Дается методика и рекомендации по представлению исходной формулировки оптимизационной задачи в виде адаптивной системы. Излагается общий цикл проектирования СБИС, этапы конструкторского проектирования СБИС и основные задачи, решаемые на этих этапах, с учетом современных тенденций. Описываются постановки задач автоматизированного проектирования СБИС, методики их представления в виде адаптивных систем и структуры процессов адаптивного поиска оптимальных решений для этих задач. Предназначена для специалистов в области специальных методов оптимизации, разработчиков алгоритмов на основе перспективных методов эволюционной адаптации, разработчиков интеллектуальных САПР.
Jezik:ruščina
Izdano: Москва, Физматлит, 2006
Serija:Информационные и компьютерные технологии
Teme:
Format: MixedMaterials Knjiga
KOHA link:https://koha.lib.tpu.ru/cgi-bin/koha/opac-detail.pl?biblionumber=108991

MARC

LEADER 00000nam0a2200000 4500
001 108991
005 20231101214833.0
010 |a 5922107496 
035 |a (RuTPU)RU\TPU\book\117649 
090 |a 108991 
100 |a 20070129d2006 k y0rusy50 ca 
101 0 |a rus 
102 |a RU 
105 |a y z 001zy 
200 1 |a Поисковая адаптация: теория и практика  |f В. М. Курейчик, Б. К. Лебедев, О. Б. Лебедев 
210 |a Москва  |c Физматлит  |d 2006 
215 |a 272 с. 
225 1 |a Информационные и компьютерные технологии 
320 |a Библиогр. в конце ст. 
330 |a Рассматриваются задачи, методы и алгоритмы адаптации, используемые для построения поисковых алгоритмов оптимизации. Описывается типовая структура адаптивного алгоритма, излагаются методы коллективной адаптации в условиях динамически изменяющейся внешней среды. Дается методика и рекомендации по представлению исходной формулировки оптимизационной задачи в виде адаптивной системы. Излагается общий цикл проектирования СБИС, этапы конструкторского проектирования СБИС и основные задачи, решаемые на этих этапах, с учетом современных тенденций. Описываются постановки задач автоматизированного проектирования СБИС, методики их представления в виде адаптивных систем и структуры процессов адаптивного поиска оптимальных решений для этих задач. Предназначена для специалистов в области специальных методов оптимизации, разработчиков алгоритмов на основе перспективных методов эволюционной адаптации, разработчиков интеллектуальных САПР. 
606 |a Адаптивные системы  |2 stltpush  |3 (RuTPU)RU\TPU\subj\1514  |9 30286 
610 1 |a поисковая адаптация 
610 1 |a СБИС 
610 1 |a сверхбольшие интегральные схемы 
610 1 |a проектирование 
610 1 |a оптимизация 
610 1 |a параметрическая адаптация 
610 1 |a структурная адаптация 
610 1 |a альтернативная адаптация 
610 1 |a коллективная адаптация 
610 1 |a стохастическое планирование 
610 1 |a глобальная трассировка 
610 1 |a поисковые процедуры 
610 1 |a эволюционные процессы 
610 1 |a генетический поиск 
675 |a 681.513.6  |v 3 
700 1 |a Курейчик  |b В. М.  |g Виктор Михайлович 
701 1 |a Лебедев  |b Б. К.  |g Борис Константинович 
701 1 |a Лебедев  |b О. Б.  |g Олег Борисович 
801 1 |a RU  |b 63413507  |c 20070129  |g PSBO 
801 2 |a RU  |b 63413507  |c 20180625  |g PSBO 
942 |c BK